"und dann bin ich kriminell geworden": biografische Fallrekonstruktion von straffälligen jungen Frauen mit einem Migrationshintergrund

Gespeichert in:  
Bibliographische Detailangaben
1. VerfasserIn: Arikoglu, Selin (Verfasst von)
Medienart: Druck Aufsatz
Sprache:Deutsch
Veröffentlicht: 2023
In: Kinder im Fokus der Prävention
Jahr: 2023, Seiten: 241-249
Verfügbarkeit prüfen: HBZ Gateway
Schlagwörter:

MARC

LEADER 00000naa a2200000 c 4500
001 1937511332
003 DE-627
005 20251001141919.0
007 tu
008 251001s2023 xx ||||| 00| ||ger c
020 |a 9783964100269 
035 |a (DE-627)1937511332 
035 |a (DE-599)KXP1937511332 
040 |a DE-627  |b ger  |c DE-627  |e rda 
041 |a ger 
084 |a 2,1  |2 ssgn 
100 1 |a Arikoglu, Selin  |e VerfasserIn  |0 (DE-588)1299019471  |0 (DE-627)1855273012  |4 aut 
245 1 0 |a "und dann bin ich kriminell geworden"  |b biografische Fallrekonstruktion von straffälligen jungen Frauen mit einem Migrationshintergrund  |c Selin Arikoglu 
264 1 |c 2023 
336 |a Text  |b txt  |2 rdacontent 
337 |a ohne Hilfsmittel zu benutzen  |b n  |2 rdamedia 
338 |a Band  |b nc  |2 rdacarrier 
500 |a Literaturverzeichnis: Seite 248-249 
650 4 |a Straftäterin  |7 (dpeaa)DE-21/25-fid2,1 
650 4 |a Migrationshintergrund  |7 (dpeaa)DE-21/25-fid2,1 
650 4 |a Prävention  |7 (dpeaa)DE-21/25-fid2,1 
650 4 |a Handlungsempfehlung  |7 (dpeaa)DE-21/25-fid2,1 
650 4 |a Soziale Arbeit  |7 (dpeaa)DE-21/25-fid2,1 
650 4 |a Kriminologie  |7 (dpeaa)DE-21/25-fid2,1 
650 4 |a Empirische Forschung  |7 (dpeaa)DE-21/25-fid2,1 
773 0 8 |i Enthalten in  |a Deutscher Präventionstag (27. : 2022 : Hannover; Online)  |t Kinder im Fokus der Prävention  |d Mönchengladbach : Forum Verlag Godesberg, 2023  |g (2023), Seite 241-249  |h 580 Seiten  |w (DE-627)1868591344  |z 9783964100269  |7 nnam 
773 1 8 |g year:2023  |g pages:241-249 
951 |a AR 
ELC |b 1 
LOK |0 000 xxxxxcx a22 zn 4500 
LOK |0 001 4778571045 
LOK |0 003 DE-627 
LOK |0 004 1937511332 
LOK |0 005 20251001141919 
LOK |0 008 251001||||||||||||||||ger||||||| 
LOK |0 040   |a DE-21-110  |c DE-627  |d DE-21-110 
LOK |0 852   |a DE-21-110 
LOK |0 852 1  |m p  |9 00 
LOK |0 938   |k p 
LOK |0 939   |a 01-10-25  |b l01 
ORI |a SA-MARC-krimdoka001.raw